| 000 | 00346cam a22001331 4500 | ||
|---|---|---|---|
| 082 |
_a956.046 _bCHU _cL-30- P-110 |
||
| 100 |
_aChurhill Randolph s. _946029 |
||
| 245 | 0 | 4 |
_aThe Six Day War. _bRandolph s.Churhill |
| 260 |
_aLondon _bNafees |
||
| 300 | _a249 | ||
| 526 |
_a0 _b0 _c0 _d956_046000000000000_CHU |
||
| 650 |
_aMCE _9379 |
||
| 942 |
_2ddc _cBK |
||
| 999 |
_c549377 _d549377 |
||